<?xml version="1.0" encoding="UTF-8"?>
<record
    xmlns:xsi="http://www.w3.org/2001/XMLSchema-instance"
    xsi:schemaLocation="http://www.loc.gov/MARC21/slim http://www.loc.gov/standards/marcxml/schema/MARC21slim.xsd"
    xmlns="http://www.loc.gov/MARC21/slim">

  <leader>00748nam a22001937a 4500</leader>
  <controlfield tag="008">130627t        xxu||||| |||| 00| 0 eng d</controlfield>
  <datafield tag="020" ind1=" " ind2=" ">
    <subfield code="a">978-2-8004-1400-3,</subfield>
  </datafield>
  <datafield tag="020" ind1=" " ind2=" ">
    <subfield code="a"> 978-2-7298-4166-9</subfield>
  </datafield>
  <datafield tag="040" ind1=" " ind2=" ">
    <subfield code="a">BUAC</subfield>
    <subfield code="c">CDIRSP</subfield>
  </datafield>
  <datafield tag="041" ind1=" " ind2=" ">
    <subfield code="a">Fr</subfield>
  </datafield>
  <datafield tag="100" ind1=" " ind2=" ">
    <subfield code="a">DEHON Cath&#xE9;rine, DROESBEKE Jean-Jacques, VERMANDELE Cath&#xE9;rine</subfield>
    <subfield code="9">24873</subfield>
  </datafield>
  <datafield tag="245" ind1=" " ind2=" ">
    <subfield code="a">El&#xE9;m&#xE9;nts de statistique</subfield>
    <subfield code="c"> / Cath&#xE9;rine DEHON , Jean-Jacques DROESBEKE , Cath&#xE9;rine VERMANDELE</subfield>
  </datafield>
  <datafield tag="250" ind1=" " ind2=" ">
    <subfield code="a">5 &#xE8; Ed.</subfield>
    <subfield code="b">Revue et augment&#xE9;e</subfield>
  </datafield>
  <datafield tag="260" ind1=" " ind2=" ">
    <subfield code="a">Bruxelles,:</subfield>
    <subfield code="b">Editions de l' Universit&#xE9; de Bruxelles,</subfield>
    <subfield code="b">Ellipses,</subfield>
    <subfield code="c">2008</subfield>
  </datafield>
  <datafield tag="300" ind1=" " ind2=" ">
    <subfield code="a">666 p.</subfield>
  </datafield>
  <datafield tag="440" ind1=" " ind2=" ">
    <subfield code="a">( Stastistique et math&#xE9;matiques appliqu&#xE9;es )</subfield>
    <subfield code="9">24874</subfield>
  </datafield>
  <datafield tag="500" ind1=" " ind2=" ">
    <subfield code="a">Compr. Bibliogr., Index,  Notifications et Abr&#xE9;viations</subfield>
  </datafield>
  <datafield tag="942" ind1=" " ind2=" ">
    <subfield code="c">LIVR</subfield>
  </datafield>
  <datafield tag="999" ind1=" " ind2=" ">
    <subfield code="c">51606</subfield>
    <subfield code="d">51606</subfield>
  </datafield>
  <datafield tag="952" ind1=" " ind2=" ">
    <subfield code="0">0</subfield>
    <subfield code="1">0</subfield>
    <subfield code="4">0</subfield>
    <subfield code="7">0</subfield>
    <subfield code="a">CDIRSP</subfield>
    <subfield code="b">CDIRSP</subfield>
    <subfield code="d">2013-06-27</subfield>
    <subfield code="e">Achat</subfield>
    <subfield code="l">0</subfield>
    <subfield code="p">6019CDIRSP</subfield>
    <subfield code="r">2013-06-27 00:00:00</subfield>
    <subfield code="t">1</subfield>
    <subfield code="w">2013-06-27</subfield>
    <subfield code="y">LIVR</subfield>
    <subfield code="z">Pr&#xEA;t</subfield>
  </datafield>
  <datafield tag="952" ind1=" " ind2=" ">
    <subfield code="0">0</subfield>
    <subfield code="1">0</subfield>
    <subfield code="4">0</subfield>
    <subfield code="7">0</subfield>
    <subfield code="a">CDIRSP</subfield>
    <subfield code="b">CDIRSP</subfield>
    <subfield code="d">2013-06-27</subfield>
    <subfield code="e">Achat</subfield>
    <subfield code="l">0</subfield>
    <subfield code="p">6020CDIRSP</subfield>
    <subfield code="r">2013-06-27 00:00:00</subfield>
    <subfield code="t">2&#xE8;</subfield>
    <subfield code="w">2013-06-27</subfield>
    <subfield code="y">LIVR</subfield>
    <subfield code="z">Exclu du pr&#xEA;t</subfield>
  </datafield>
</record>
